000 01450nam0a22002651 4500
001 rc\4643454
005 20250611213526.0
035 _a(NLR Aleph) 008409638
090 _a9288225
_c9288225
100 _a20130416g19661967|||y0rusy50 ca
101 0 _arus
102 _aRU
105 _aa z |||||
200 1 _aОбщественные центры и учреждения культурно-бытового обслуживания в структуре новых городов
_e(Зарубежный опыт)
_fГос. ком. по гражд. строительству и архитектуре при Госстрое СССР
210 _aМосква
_cЦентр науч.-техн. информации по гражд. строительству и архитектуре
_d1966 [вып. дан. 1967]
215 _a38 с.
_cсхем.
_d21
225 1 _a[Гражданское строительство]
_iСерия "Градостроительство"
_vВып. 10
300 _aАвт. указан на обороте тит. л.: канд. архитектуры О.В. Смирнова
320 _aБиблиогр. в конце книги (21 назв.)
700 1 _7ca
_8rus
_aСмирнова
_bО. В.
_cканд. архитектуры
_gОльга Васильевна
_92648114
_3RU\NLR\AUTH\770276147
801 0 _aRU
_bNLR
_gpsbo
801 1 _aRU
_bELAR
_2rusmarc
852 _aNLR
_j67-6/6721
942 _cBOOK
980 _aNB